Faculty profile (Record no. 102415)

MARC details
000 -LEADER
fixed length control field 00621cam a2200193 4500
001 - CONTROL NUMBER
control field J119822
008 - FIXED-LENGTH DATA ELEMENTS--GENERAL INFORMATION
fixed length control field 020924n2002 000 0 eng u
035 ## - SYSTEM CONTROL NUMBER
System control number (Sirsi) u119822
050 ## - LIBRARY OF CONGRESS CALL NUMBER
Classification number 333.0023
110 ## - MAIN ENTRY--CORPORATE NAME
Corporate name or jurisdiction name as entry element Royal Institution of Chartered Surveyors
Subordinate unit Plant and Machinery Faculty
9 (RLIN) 4356
245 ## - TITLE STATEMENT
Title Faculty profile
260 ## - PUBLICATION, DISTRIBUTION, ETC.
Place of publication, distribution, etc. London
Name of publisher, distributor, etc. RICS
Date of publication, distribution, etc. 2002
300 ## - PHYSICAL DESCRIPTION
Extent 1 folded sheet
Dimensions 11 x 30cm.
490 ## - SERIES STATEMENT
Series statement Faculty Profile
520 ## - SUMMARY, ETC.
Summary, etc. Publicity leaflet outlining the role and function of the RICS Plant and Machinery Faculty.
650 ## - SUBJECT ADDED ENTRY--TOPICAL TERM
Topical term or geographic name entry element RICS PLANT AND MACHINERY FACULTY
690 ## - LOCAL SUBJECT ADDED ENTRY--TOPICAL TERM (OCLC, RLIN)
Topical term or geographic name as entry element RICS NEWS
942 ## - ADDED ENTRY ELEMENTS (KOHA)
Suppress in OPAC 0
Holdings
Withdrawn status Lost status Source of classification or shelving scheme Damaged status Not for loan Home library Current library Shelving location Date acquired Total Checkouts Full call number Barcode Date last seen Copy number Price effective from Koha item type
    Dewey Decimal Classification     London London RICS Boxes 24/09/2002   RICS 2002/43 30066732 06/08/2019 1 06/08/2019 Archive
    Dewey Decimal Classification     London London RICS Boxes 24/03/2004   RICS 2002/43 30068824 06/08/2019 2 06/08/2019 Reference material